Research Writing Made Simple : (Record no. 83073)
[ view plain ]
| 000 -LEADER | |
|---|---|
| fixed length control field | 00612nam a22002057a 4500 |
| 003 - CONTROL NUMBER IDENTIFIER | |
| control field | URS |
| 005 - DATE AND TIME OF LATEST TRANSACTION | |
| control field | 20250623132707.0 |
| 008 - FIXED-LENGTH DATA ELEMENTS--GENERAL INFORMATION | |
| fixed length control field | 250623b2014 PH ||||| |||| 00| 0 eng d |
| 020 ## - INTERNATIONAL STANDARD BOOK NUMBER | |
| International Standard Book Number | 9789710445905 |
| 040 ## - CATALOGING SOURCE | |
| Transcribing agency | URS |
| 050 ## - LIBRARY OF CONGRESS CALL NUMBER | |
| Classification number | LB 2369 |
| Item number | B475 2014 |
| 245 ## - TITLE STATEMENT | |
| Title | Research Writing Made Simple : |
| Remainder of title | A Modular Approach for Collegiate and Graduate Students |
| 264 ## - PRODUCTION, PUBLICATION, DISTRIBUTION, MANUFACTURE, AND COPYRIGHT NOTICE | |
| Place of production, publication, distribution, manufacture | Manila : |
| Name of producer, publisher, distributor, manufacturer | Mindshapers Co., INC. |
| Date of production, publication, distribution, manufacture, or copyright notice | [2014] |
| 300 ## - PHYSICAL DESCRIPTION | |
| Extent | ix, 134 pages ; |
| Dimensions | 22.865 cm |
| 700 ## - ADDED ENTRY--PERSONAL NAME | |
| Personal name | Bermudo, Pedrito Jose V. |
| 700 ## - ADDED ENTRY--PERSONAL NAME | |
| Personal name | Araojo, Aurora E. |
| 700 ## - ADDED ENTRY--PERSONAL NAME | |
| Personal name | Morales, Minerva I. |
| 700 ## - ADDED ENTRY--PERSONAL NAME | |
| Personal name | Yango, Antonio R. |
| 942 ## - ADDED ENTRY ELEMENTS (KOHA) | |
| Source of classification or shelving scheme | Library of Congress Classification |
| Koha item type | Books |
| Withdrawn status | Source of classification or shelving scheme | Damaged status | Not for loan | Collection code | Home library | Current library | Shelving location | Date acquired | Total Checkouts | Full call number | Barcode | Date last seen | Price effective from | Koha item type |
|---|---|---|---|---|---|---|---|---|---|---|---|---|---|---|
| Library of Congress Classification | Non-fiction | Binangonan College Library | Binangonan College Library | Filipiniana Section | 06/23/2025 | LB 2369 B475 2014 | URSBIN-3923 | 06/23/2025 | 06/23/2025 | Books |